The management of asbestos (Record no. 82519)
[ view plain ]
| 000 -LEADER | |
|---|---|
| fixed length control field | 00762cad a22002055a 4500 |
| 001 - CONTROL NUMBER | |
| control field | L150474 |
| 008 - FIXED-LENGTH DATA ELEMENTS--GENERAL INFORMATION | |
| fixed length control field | 100719e2010 xxk 000 0 eng d |
| 035 ## - SYSTEM CONTROL NUMBER | |
| System control number | (Sirsi) u150474 |
| 041 0# - LANGUAGE CODE | |
| Language code of text/sound track or separate title | eng |
| 050 ## - LIBRARY OF CONGRESS CALL NUMBER | |
| Classification number | 549.66 $2 18 |
| 100 1# - MAIN ENTRY--PERSONAL NAME | |
| Personal name | Skiggs, Martin |
| 245 04 - TITLE STATEMENT | |
| Title | The management of asbestos |
| Remainder of title | a presentation |
| Medium | [electronic resource] |
| 260 ## - PUBLICATION, DISTRIBUTION, ETC. | |
| Place of publication, distribution, etc. | [S.I] |
| Name of publisher, distributor, etc. | [s.n.] |
| Date of publication, distribution, etc. | 2010 |
| 520 ## - SUMMARY, ETC. | |
| Summary, etc. | Explanation, uses, health risks, dangers, safety, regulations, monitoring are all covered in depth. |
| 590 ## - LOCAL NOTE (RLIN) | |
| Local note | KA NTK |
| 651 #4 - SUBJECT ADDED ENTRY--GEOGRAPHIC NAME | |
| Geographic name | United Kingdom |
| Chronological subdivision | |
| 690 ## - LOCAL SUBJECT ADDED ENTRY--TOPICAL TERM (OCLC, RLIN) | |
| Topical term or geographic name as entry element | MANAGEMENT-HEALTH AND SAFETY-HAZARDOUS SUBSTANCES-ASBESTOS |
| 856 48 - ELECTRONIC LOCATION AND ACCESS | |
| Uniform Resource Identifier | <a href="https://www.rics.org/Global/Downloads/SkiggsManagementOfAsbestos100712.pps">https://www.rics.org/Global/Downloads/SkiggsManagementOfAsbestos100712.pps</a> |
| Public note | View this item free of charge at www.rics.org |
| 942 ## - ADDED ENTRY ELEMENTS (KOHA) | |
| Suppress in OPAC | 0 |
| Withdrawn status | Lost status | Source of classification or shelving scheme | Damaged status | Not for loan | Home library | Current library | Shelving location | Date acquired | Total Checkouts | Full call number | Barcode | Date last seen | Copy number | Price effective from | Koha item type |
|---|---|---|---|---|---|---|---|---|---|---|---|---|---|---|---|
| Dewey Decimal Classification | Virtual | Virtual | Online | 19/07/2010 | ONLINE PUBLICATION | 150474-2001 | 06/08/2019 | 1 | 06/08/2019 | Book |